Best practice in maintenance (Record no. 109020)

MARC details
000 -LEADER
fixed length control field 01788cam a22002535a 4500
001 - CONTROL NUMBER
control field L146039
008 - FIXED-LENGTH DATA ELEMENTS--GENERAL INFORMATION
fixed length control field 081204s2004 xxkd f 000 0 eng d
020 ## - INTERNATIONAL STANDARD BOOK NUMBER
International Standard Book Number 9780862975050
035 ## - SYSTEM CONTROL NUMBER
System control number (Sirsi) u146039
041 0# - LANGUAGE CODE
Language code of text/sound track or separate title eng
050 04 - LIBRARY OF CONGRESS CALL NUMBER
Classification number 692.5 $2 18
110 2# - MAIN ENTRY--CORPORATE NAME
Corporate name or jurisdiction name as entry element National Housing Federation
9 (RLIN) 695
245 00 - TITLE STATEMENT
Title Best practice in maintenance
260 ## - PUBLICATION, DISTRIBUTION, ETC.
Place of publication, distribution, etc. London
Name of publisher, distributor, etc. NHF
Date of publication, distribution, etc. 2004
300 ## - PHYSICAL DESCRIPTION
Extent x, 183p.
Other physical details ill.
Dimensions 25cm.
350 ## - PRICE (NR) (BK AM CF MU VM SE) [OBSOLETE]
Price 45.00
505 2# - FORMATTED CONTENTS NOTE
Formatted contents note Maintenance in context: asset management; continuous improvement and best value; service parameters; legislative requirements, landlord and tenant -- Responsive repairs and voids maintenance: further innovations in managing the work; repair of empty properties (void maintenance) -- Planned and cyclical maintenance: long-term strategy; stock condition surveys; Construction (Design and Management) Regulations 1994; the management of asbestos; planned programmes; cyclical maintenance; external painting; electrical testing; landscape and grounds maintenance; gas servicing; links to development -- Maintenance procurement: schedule of rates; selecting contractors; the form of contract; direct labour organisations; purchasing a maintenance company -- Customer care and resident involvement: resident involvement and customer care: responding to diversity; continuous improvement through complaints; compensation schemes
520 ## - SUMMARY, ETC.
Summary, etc. Looks at housing repair and maintenance within housing associations. Covers all aspects of maintenance, with sections on planning and procurement, customer care and resident involvement. Aimed at housing association, the authors advocate a culture of continuous improvement.
521 ## - TARGET AUDIENCE NOTE
Target audience note Advanced
590 ## - LOCAL NOTE (RLIN)
Local note KA
651 #4 - SUBJECT ADDED ENTRY--GEOGRAPHIC NAME
Geographic name England and Wales
Chronological subdivision 1543-
690 ## - LOCAL SUBJECT ADDED ENTRY--TOPICAL TERM (OCLC, RLIN)
Topical term or geographic name as entry element MANAGEMENT
942 ## - ADDED ENTRY ELEMENTS (KOHA)
Suppress in OPAC 0
Holdings
Withdrawn status Lost status Source of classification or shelving scheme Damaged status Not for loan Home library Current library Shelving location Date acquired Cost, normal purchase price Total Checkouts Full call number Barcode Date last seen Date last checked out Copy number Cost, replacement price Price effective from Koha item type
    Dewey Decimal Classification     London London Books 10/12/2008 45.00 7 692.5 SIM 30076430 06/08/2019 30/11/2009 1 45.00 06/08/2019 Book